01299 a2200229 4500003000500000005001700005010001200022020001500034040000900049082001500058100003000073245007500103250001200178260004500190300001300235505056300248600003000811650006100841942002400902999001900926952012400945Nust20221119135247.0 a6915375 a0201060205 cNust a515.15,MOR aMurray H. Protter9103142 aCalculus with analytic geometry : a first course / cMurray H. Protter a2nd ed. aReading, Mass.bAddison-Wesley Pubc1970 a x,548p aInequalities (Page-1), Relations Functions Graphs (Page-17), The Line (Page-52), Introduction to the Calculus Limits (Page-71), Differentiation of Algebraic Functions (Page-131), Applications of Diffentations the Differential (Page-153), The Definite Integral (Page-217), Lines Circles Conics (Page-279), The Trigonometric and Exponential Functions (Page-329), Parametric Equations ARC Length (Page-379 ), Polar Coordinates (Page-404), Vectors in a Plane (Page-430), Formulas and Methods of Integrations (Page-453), Applications of the Integral (Page-490 ). aMurray H. Protter9103142 aCalculus with analytic geometry : a first course9103143 2ddccBKk515.15,MOR c180706d180706 00102ddc4070aMCSbMCScGENd2016-12-12o515.15,MORpMCS7164r2016-12-08w2016-12-12yBKzAlmirah No.13, Shelf No. 2